000 00615nam a2200169Ia 4500
003 GCL
008 140319s9999 xx 000 0 ara d
040 _aGCL /
_cGCL
082 0 4 _a091.1536
_bع م
100 1 _aعبدالبديع صقر
245 1 0 _aمجلة معهد المخطوطات العربية (?المجلد العاشر الجزء الثانى ) /
_cعبدالبديع صقر
700 1 _aمحمد مصطفى الاعظمى
490 _aالهيئة العامة للاستعلامات
_v0
650 0 4 _aالمخطوطات
650 0 4 _aالمخطوطات العربية - قطر
942 _2ddc
_cBK
999 _c51528
_d51528